000 00777nam a2200241 a 4500
001 25033
003 CO-ViMGA
008 141112s2004 ck r 000 u spa d
020 _aNO TIENE
040 _aCO-ViMGA
_bspa
_cCO-ViMGA
041 _aSPA
082 0 4 _a028.5342 F85l
110 _aFundalectura
_938116
245 1 0 _aLeer es mi cuento. Libros para la primera infancia :
_bcatálogo 2011 y 2012 /
_cFundalectura
260 _aBogotá :
_bFundalectura; Ministerio de Cultura,
_c2012
300 _a51 p. : il. col.
650 1 4 _aLIBROS INFORMATIVOS
_938117
650 1 4 _aLIBROS PARA BEBES
_930996
650 1 4 _aLIBROS PARA NIÑOS - CATALOGOS
_938118
650 1 4 _aLITERATURA INFANTIL - CATALOGOS
_938119
650 1 4 _aSELECCION DE LIBROS
_938120
942 _2ddc
_cBK
999 _c32686
_d32686